MARC details
| 000 -LEADER |
| fixed length control field |
02089nam a2200433 i 4500 |
| 001 - CONTROL NUMBER |
| control field |
zcodcb b8789766 |
| 005 - DATE AND TIME OF LATEST TRANSACTION |
| control field |
20250328185146.0 |
| 007 - PHYSICAL DESCRIPTION FIXED FIELD--GENERAL INFORMATION |
| fixed length control field |
t| |
| 008 - FIXED-LENGTH DATA ELEMENTS--GENERAL INFORMATION |
| fixed length control field |
250114s2025 nyu c 000 1 eng d |
| 020 ## - INTERNATIONAL STANDARD BOOK NUMBER |
| International Standard Book Number |
9781338734218 |
| Qualifying information |
trade |
| 020 ## - INTERNATIONAL STANDARD BOOK NUMBER |
| International Standard Book Number |
1338734210 |
| 040 ## - CATALOGING SOURCE |
| Original cataloging agency |
ICrlF |
| Language of cataloging |
eng |
| Description conventions |
rda |
| Transcribing agency |
ICrlF |
| Modifying agency |
ICrlF |
| 092 ## - LOCALLY ASSIGNED DEWEY CALL NUMBER (OCLC) |
| Classification number |
junior fiction |
| Item number |
Mackler |
| 100 1# - MAIN ENTRY--PERSONAL NAME |
| Personal name |
Mackler, Carolyn, |
| Relator term |
author. |
| Relator code |
aut. |
| 9 (RLIN) |
47992 |
| 245 10 - TITLE STATEMENT |
| Title |
Right back at you / |
| Statement of responsibility, etc |
Carolyn Mackler. |
| 264 #1 - Production, Publication, Distribution, Manufacture, and Copyright Notice. |
| Place of production, publication, distribution, manufacture |
New York : |
| Name of producer, publisher, distributor, manufacturer |
Scholastic Press, |
| Date of production, publication, distribution, manufacture, or copyr |
2025. |
| 300 ## - PHYSICAL DESCRIPTION |
| Extent |
226 pages ; |
| Dimensions |
22 cm. |
| 336 ## - Content Type |
| Content type term |
text |
| 337 ## - Media type |
| Media type term |
unmediated |
| 338 ## - Carrier type |
| Carrier type term |
volume |
| 520 ## - SUMMARY, ETC. |
| Summary, etc |
"Mason lives in 2023. His parents have just split up, and there's a guy at school who won't get off his case. As part of an assignment, he writes a letter to Albert Einstein and it ends up getting a little too personal. He throws the letter into his closet . . . and the next day he gets a letter back from a girl named Talia, who lives in 1987. She has problems of her own, including classmates who make jokes because she's Jewish. She thought her friends would have her back. But it ends up the only person she really has to talk to is . . . a random boy from the future?"--Provided by publisher. |
| 650 #0 - SUBJECT ADDED ENTRY--TOPICAL TERM |
| Topical term or geographic name as entry element |
Time travel |
| Form subdivision |
Juvenile fiction. |
| 9 (RLIN) |
5675075 |
| 650 #0 - SUBJECT ADDED ENTRY--TOPICAL TERM |
| Topical term or geographic name as entry element |
Letter writing |
| Form subdivision |
Juvenile fiction. |
| 9 (RLIN) |
5704201 |
| 650 #0 - SUBJECT ADDED ENTRY--TOPICAL TERM |
| Topical term or geographic name as entry element |
Friendship |
| Form subdivision |
Juvenile fiction. |
| 9 (RLIN) |
5673647 |
| 650 #0 - SUBJECT ADDED ENTRY--TOPICAL TERM |
| Topical term or geographic name as entry element |
Bullies |
| Form subdivision |
Juvenile fiction. |
| 9 (RLIN) |
5674922 |
| 650 #0 - SUBJECT ADDED ENTRY--TOPICAL TERM |
| Topical term or geographic name as entry element |
Divorce |
| Form subdivision |
Juvenile fiction. |
| 9 (RLIN) |
5724366 |
| 650 #0 - SUBJECT ADDED ENTRY--TOPICAL TERM |
| Topical term or geographic name as entry element |
Antisemitism |
| Form subdivision |
Juvenile fiction. |
| 9 (RLIN) |
6434248 |
| 650 #0 - SUBJECT ADDED ENTRY--TOPICAL TERM |
| Topical term or geographic name as entry element |
Schools |
| Form subdivision |
Juvenile fiction. |
| 650 #1 - SUBJECT ADDED ENTRY--TOPICAL TERM |
| Topical term or geographic name as entry element |
Time travel |
| Form subdivision |
Fiction. |
| 9 (RLIN) |
5674119 |
| 650 #1 - SUBJECT ADDED ENTRY--TOPICAL TERM |
| Topical term or geographic name as entry element |
Letter writing |
| Form subdivision |
Fiction. |
| 9 (RLIN) |
5704202 |
| 650 #1 - SUBJECT ADDED ENTRY--TOPICAL TERM |
| Topical term or geographic name as entry element |
Friendship |
| Form subdivision |
Fiction. |
| 9 (RLIN) |
5673769 |
| 650 #1 - SUBJECT ADDED ENTRY--TOPICAL TERM |
| Topical term or geographic name as entry element |
Bullies |
| Form subdivision |
Fiction. |
| 9 (RLIN) |
5674925 |
| 650 #1 - SUBJECT ADDED ENTRY--TOPICAL TERM |
| Topical term or geographic name as entry element |
Divorce |
| Form subdivision |
Fiction. |
| 9 (RLIN) |
5687581 |
| 650 #1 - SUBJECT ADDED ENTRY--TOPICAL TERM |
| Topical term or geographic name as entry element |
Antisemitism |
| Form subdivision |
Fiction. |
| 9 (RLIN) |
5734569 |
| 650 #1 - SUBJECT ADDED ENTRY--TOPICAL TERM |
| Topical term or geographic name as entry element |
Schools |
| Form subdivision |
Fiction. |
| 9 (RLIN) |
5673727 |
| 655 #7 - INDEX TERM--GENRE/FORM |
| Genre/form data or focus term |
School fiction. |
| Source of term |
lcgft. |
| 9 (RLIN) |
6407078 |
| 655 #7 - INDEX TERM--GENRE/FORM |
| Genre/form data or focus term |
Time-travel fiction. |
| Source of term |
lcgft. |
| 9 (RLIN) |
5709950 |
| 942 ## - ADDED ENTRY ELEMENTS (KOHA) |
| Source of classification or shelving scheme |
Dewey Decimal Classification |
| Koha item type |
BOOK |